Heat and mass transfer (Record no. 5861)

000 -LEADER
fixed length control field 00529nam a2200205 4500
001 - CONTROL NUMBER
control field 5861
003 - CONTROL NUMBER IDENTIFIER
control field BD-DhUET
008 - FIXED-LENGTH DATA ELEMENTS--GENERAL INFORMATION
fixed length control field 700409m19679999is a b 000 0 eng
040 ## - CATALOGING SOURCE
Original cataloging agency DLC
Transcribing agency DLC
Modifying agency BD-DhUET
082 00 - DEWEY DECIMAL CLASSIFICATION NUMBER
Classification number 621.011
Item number ECK/1959
100 ## - MAIN ENTRY--PERSONAL NAME
Personal name Eckert, R. R. G.
245 00 - TITLE STATEMENT
Title Heat and mass transfer
250 ## - EDITION STATEMENT
Edition statement 2nd ed.
260 ## - PUBLICATION, DISTRIBUTION, ETC. (IMPRINT)
Place of publication, distribution, etc. New York
Name of publisher, distributor, etc. McGraw-Hill
Date of publication, distribution, etc. 1959
300 ## - PHYSICAL DESCRIPTION
Extent xiv, 530p.
490 1# - SERIES STATEMENT
Series statement McGraw-Hill series in mechanical engineering
650 #0 - SUBJECT ADDED ENTRY--TOPICAL TERM
Topical term or geographic name as entry element Heat-Transmission
700 ## - ADDED ENTRY--PERSONAL NAME
Personal name Drake, Robert M.
942 ## - ADDED ENTRY ELEMENTS (KOHA)
Koha item type General Book
Holdings
Koha issues (times borrowed) Shelving location Koha normalized classification for sorting Koha date last seen Lost status Sublocation or collection (holding branch) Date acquired Koha item type Piece designation (barcode) Koha full call number Withdrawn status Damaged status Location (home branch) Source of classification or shelving scheme Copy number Not for loan Koha date last borrowed Price effective from
 Circulation section621_011000000000000_ECK_19592014-11-29 Central Library, BUET2014-11-29General Book36668621.011/ECK/1959  Central Library, BUET    2014-11-29
 Circulation section621_000000000000000_011ECK19592014-12-03 Central Library, BUET2014-12-03General Book14884621.011/ECK/1959  Central Library, BUET 2  2014-12-03
 Circulation section621_011000000000000_ECK_19592015-04-12 Central Library, BUET2015-04-12General Book11302621.011/ECK/1959  Central Library, BUET 3  2015-04-12
 Circulation section621_011000000000000_ECK_19592015-04-12 Central Library, BUET2015-04-12General Book31276621.011/ECK/1959  Central Library, BUET 4  2015-04-12
 Circulation section621_011000000000000_ECK_19592015-04-12 Central Library, BUET2015-04-12General Book31274621.011/ECK/1959  Central Library, BUET 5  2015-04-12
 Circulation section621_011000000000000_ECK_19592015-04-12 Central Library, BUET2015-04-12General Book31271621.011/ECK/1959  Central Library, BUET 6  2015-04-12
 Circulation section621_011000000000000_ECK_19592015-04-12 Central Library, BUET2015-04-12General Book31272621.011/ECK/1959  Central Library, BUET 7  2015-04-12
1Circulation section621_011000000000000_ECK_19592021-11-28 Central Library, BUET2015-04-13General Book31277621.011/ECK/1959  Central Library, BUET 8 2020-03-022015-04-13
 Circulation section621_011000000000000_ECK_19592015-04-13 Central Library, BUET2015-04-13General Book11301621.011/ECK/1959  Central Library, BUET 9  2015-04-13
 Circulation section621_011000000000000_ECK_19592015-04-13 Central Library, BUET2015-04-13General Book11303621.011/ECK/1959  Central Library, BUET 10  2015-04-13
 Circulation section621_011000000000000_ECK_19592015-04-13 Central Library, BUET2015-04-13General Book24625621.011/ECK/1959  Central Library, BUET 11  2015-04-13
 Circulation section621_011000000000000_ECK_19592015-04-13 Central Library, BUET2015-04-13General Book7652621.011/ECK/1959  Central Library, BUET 12  2015-04-13
 Circulation section621_011000000000000_ECK_19592015-04-13 Central Library, BUET2015-04-13General Book24320621.011/ECK/1959  Central Library, BUET 13  2015-04-13
 Circulation section621_011000000000000_ECK_19592015-04-13 Central Library, BUET2015-04-13General Book24976621.011/ECK/1959  Central Library, BUET 14  2015-04-13
 Circulation section621_011000000000000_ECK_19592015-04-13 Central Library, BUET2015-04-13General Book31275621.011/ECK/1959  Central Library, BUET 15  2015-04-13
 Reading section621_011000000000000_ECK_19592015-06-16 Central Library, BUET2015-06-16General Book7655621.011/ECK/1959  Central Library, BUET 16  2015-06-16